Statistics for 北海道の戦前市制・町制

Click here to take the quiz!

General Stats

  • This quiz has been taken 40 times
  • The average score is 66 of 94

Answer Stats

施行日施行内容所属支庁回答% Correct
1922.08.01市制上川支庁旭川市
100%
1922.08.01市制胆振支庁室蘭市
100%
1942.06.10市制網走支庁北見市
100%
1901.05.11一級町制
宗谷支庁
稚内町
100%
1922.08.01市制渡島支庁函館市
100%
1900.07.01一級町制
根室支庁
根室町
100%
1922.08.01市制釧路国支庁釧路市
100%
1899.10.01北海道区制札幌支庁札幌区
90%
1922.08.01市制後志支庁小樽市
90%
1908.06.21一級町制増毛支庁留萌町
90%
1922.08.01市制石狩支庁札幌市
90%
1921.01.01一級町制函館支庁森町
90%
1915.04.01一級町制浦河支庁浦河町
90%
1915.04.01一級町制網走支庁網走町
90%
1915.11.01一級町制上川支庁士別町
90%
1899.10.01北海道区制小樽支庁小樽区
90%
1902.04.01二級町制網走支庁網走町
90%
1902.04.01二級町制浦河支庁浦河町
90%
1900.07.01一級町制
寿都支庁
寿都町
90%
1899.10.01北海道区制
函館支庁
函館区
90%
1900.07.01一級町制
増毛支庁
増毛町
90%
1900.07.01一級町制
釧路支庁
釧路町
90%
1900.07.01一級町制
岩内支庁
岩内町
90%
1943.02.11一級町制渡島支庁長万部町
90%
1933.04.01市制十勝支庁帯広市
90%
1918.01.01二級町制室蘭支庁苫小牧町
80%
1919.04.01二級町制上川支庁富良野町
80%
1943.04.01市制空知支庁夕張市
80%
1921.01.01一級町制檜山支庁瀬棚町
80%
1921.04.01一級町制上川支庁富良野町
80%
1943.02.11一級町制空知支庁赤平町
80%
1942.10.01一級町制渡島支庁木古内町
80%
1942.09.01一級町制空知支庁三笠町
80%
1940.04.01一級町制空知支庁歌志内町
80%
1936.01.01一級町制十勝支庁清水町
80%
1919.04.01一級町制室蘭支庁苫小牧町
80%
1944.02.11町制渡島支庁福島町
80%
1916.01.01一級町制札幌支庁江別町
80%
1915.11.01一級町制上川支庁名寄町
80%
1900.07.01一級町制
釧路支庁
厚岸町
80%
1907.04.01一級町制札幌支庁石狩町
80%
1900.07.01一級町制
檜山支庁
江差町
80%
1902.04.01二級町制札幌支庁石狩町
80%
1900.07.01一級町制
室蘭支庁
室蘭町
80%
1910.11.03一級町制空知支庁滝川町
80%
1902.04.01一級町制上川支庁旭川町
80%
1906.02.07一級町制空知支庁岩見沢町
70%
1920.07.01北海道区制釧路支庁釧路区
70%
1902.04.01二級町制河西支庁帯広町
70%
1923.04.01一級町制網走支庁美幌町
70%
1923.06.15一級町制空知支庁砂川町
70%
1925.08.01一級町制胆振支庁伊達町
70%
1926.07.01一級町制河西支庁池田町
70%
1941.04.01一級町制空知支庁芦別町
70%
1921.07.01一級町制留萌支庁羽幌町
70%
1942.05.01一級町制十勝支庁芽室町
70%
1921.04.01一級町制網走支庁紋別町
70%
1914.04.01北海道区制上川支庁旭川区
70%
1915.04.01一級町制河西支庁帯広町
70%
1919.05.01二級町制網走支庁紋別町
70%
1916.04.01一級町制後志支庁倶知安町
70%
1919.01.01一級町制函館支庁八雲町
70%
1900.07.01一級町制
小樽支庁
余市町
70%
1934.04.01一級町制網走支庁遠軽町
70%
1942.05.01一級町制石狩支庁千歳町
60%
1933.05.01一級町制十勝支庁新得町
60%
1940.04.01一級町制上川支庁美瑛町
60%
1939.01.01一級町制網走支庁斜里町
60%
1943.04.01市制空知支庁岩見沢市
60%
1938.04.01一級町制網走支庁留辺蘂町
60%
1918.01.01一級町制空知支庁深川町
60%
1921.06.15二級町制網走支庁留辺蘂町
60%
1918.02.01北海道区制室蘭支庁室蘭区
60%
1918.02.11二級町制空知支庁夕張町
60%
1919.04.01一級町制空知支庁夕張町
60%
1918.01.01一級町制函館支庁上磯町
60%
1924.04.01一級町制留萌支庁天塩町
60%
1923.04.01一級町制上川支庁美深町
60%
1933.05.01一級町制十勝支庁本別町
50%
1931.10.01一級町制日高支庁静内町
50%
1916.04.01一級町制網走支庁野付牛町
40%
1942.02.11一級町制石狩支庁琴似町
40%
1907.04.01一級町制小樽支庁古平町
40%
1902.04.01二級町制小樽支庁古平町
40%
1902.04.01二級町制小樽支庁美国町
30%
1908.06.12一級町制札幌支庁豊平町
30%
1909.04.01一級町制小樽支庁美国町
30%
1900.07.01一級町制
松前支庁
福山町
30%
1922.05.01一級町制後志支庁高島町
20%
1938.10.01一級町制胆振支庁虻田町
20%
1938.04.15一級町制石狩支庁円山町
20%
1936.06.01一級町制渡島支庁湯川町
20%
1943.06.09町制釧路国支庁鳥取町
20%
1925.06.11一級町制空知支庁沼貝町
20%

Score Distribution

Percentile by Number Answered

Percent of People with Each Score

Your Score History

You have not taken this quiz